Eight Letter "IA" Countries - Statistics

General Stats
  • This quiz has been taken 5 times
    4 since last reset
  • The average score is 5 of 9
Answer Stats
Answer % Correct
Colombia
100%
Bulgaria
67%
Cambodia
67%
Ethiopia
67%
Malaysia
67%
Mongolia
67%
Slovakia
33%
Slovenia
33%
Tanzania
33%
No matching quizzes found
Score Distribution
Percent of People with Each Score
Percentile by Number Answered
Your Score History
You have not taken this quiz since the last reset